00564nam a22001697a 450000500170000001000150001702000260003203500140005803700150007208200100008710000260009724501260012326000420024927000540029130000240034550000250036920180712104149.0 aENG-123449 c195.00a9788170263760 aEN-106981 bDBAD/PUB.  a158.1 aPeale, Norman Vincent aThe power of positive thinking :cbyNorman Vincent Pealeba practical guide to mastering the problems of everday living / aNew DelhibHeritage Publishers c2018 a19-A, Ansari Road, Daryaganj,bNew Delhie110002 aix,262p.c21cm(pbk) aIt includes Epilogue